000 00397 a2200169 4500
001 191786
020 _a978-85-8193-316-0
040 _cMagnum
100 _aDefoe, Daniel
240 1 0 _aAs aventuras de Robinson Crusoé
_lpor
245 1 0 _aAs aventuras de Robinson Crusoé
300 _a32
362 0 _a2016
440 1 _aFolha de São Paulo
697 _aLITERATURA INFANTIL
942 _cBK
999 _c191786
_d191786